000 00331nam a2200145Ia 4500
008 230917s9999||||xx |||||||||||||| ||und||
040 _e137873
_aMAIN
041 _aEnglish
082 _a658.8 IC2I
100 _aICFAI
245 0 _aIndustrial marketing
260 _aHyderabad
_bICFAI
_c2006
300 _a465p p.
942 _cBK
999 _c147856
_d147856